[Event "SR 4. liga A21 2013/2014"]
[Site "?"]
[Date "2013.10.20"]
[Round "2.2"]
[White "Lanik, Miroslav"]
[Black "Skapikova, Lubica"]
[Result "1/2-1/2"]
[WhiteElo "1925"]
[BlackElo "1893"]
[PlyCount "84"]
[EventDate "2013.??.??"]

1. e4 e5 2. Nf3 Nc6 3. Bb5 a6 4. Ba4 Nf6 5. O-O Be7 6. Re1 d6 7. c3 O-O 8. h3
b5 9. Bb3 Bb7 10. d3 Nb8 11. Nbd2 Nbd7 12. Nf1 Nc5 13. Bc2 g6 14. Ng3 Nfd7 15.
d4 Ne6 16. d5 Ng5 17. Nxg5 Bxg5 18. Bxg5 Qxg5 19. Qg4 Qxg4 20. hxg4 h6 21. a4
bxa4 22. Rxa4 Nb6 23. Ra2 Ra7 24. Bd3 Rfa8 25. Rea1 a5 26. b3 Nc8 27. Bb5 Ne7
28. b4 c6 29. dxc6 Bxc6 30. Bxc6 Nxc6 31. b5 Nd8 32. Ne2 Ne6 33. f3 Nc5 34. c4
a4 35. Nc3 Nb3 36. Rb1 Nc5 37. b6 Rb7 38. Nd5 Rab8 39. Kf2 Kf8 40. Ke3 Nd7 41.
Rxa4 Nxb6 42. Nxb6 Rxb6 1/2-1/2

[Event "SR 4. liga A21 2013/2014"]
[Site "?"]
[Date "2013.10.20"]
[Round "2.2"]
[White "Sadlon, Juraj"]
[Black "Palka, Miroslav"]
[Result "1/2-1/2"]
[WhiteElo "1801"]
[BlackElo "1924"]
[PlyCount "92"]
[EventDate "2013.??.??"]

1. e4 c5 2. Nf3 d6 3. c3 Nf6 4. Qc2 g6 5. Bb5+ Bd7 6. Bxd7+ Qxd7 7. d3 Nc6 8.
O-O Bg7 9. Bf4 O-O 10. Nbd2 d5 11. Ne5 Nxe5 12. Bxe5 Rfd8 13. Rad1 Qe6 14. Bxf6
Bxf6 15. c4 dxc4 16. dxc4 Rd4 17. b3 Rad8 18. Nf3 Rxd1 19. Rxd1 Rxd1+ 20. Qxd1
Qxe4 21. h3 Bd4 22. b4 b6 23. b5 e5 24. Qa4 Qb7 25. Qc2 Qd7 26. Qe4 Qe7 27. Kf1
Qe6 28. Nd2 Kg7 29. f3 Qe7 30. a4 Qg5 31. Qe2 Qf4 32. g4 f5 33. Kg2 h5 34. Nb3
h4 35. Qe1 e4 36. fxe4 fxe4 37. Nxd4 cxd4 38. Qxh4 Qf3+ 39. Kg1 Qd1+ 40. Kg2
Qe2+ 41. Kg1 Qxc4 42. Qe7+ Kg8 43. Qxe4 Kg7 44. Qe7+ Kg8 45. Qe8+ Kg7 46. Qe7+
Kg8 1/2-1/2

[Event "SR 4. liga A21 2013/2014"]
[Site "?"]
[Date "2013.10.20"]
[Round "2.2"]
[White "Kubik, Peter"]
[Black "Skapik, Branislav"]
[Result "1/2-1/2"]
[WhiteElo "1771"]
[BlackElo "1841"]
[PlyCount "80"]
[EventDate "2013.??.??"]

1. b3 e5 2. Bb2 Nc6 3. e3 d5 4. Bb5 Bd6 5. Nf3 Qe7 6. O-O Bd7 7. Be2 Nf6 8. c4
O-O 9. Nc3 dxc4 10. bxc4 Rfd8 11. d4 exd4 12. exd4 Bf5 13. Bd3 Bg4 14. Re1 Qf8
15. Ne4 Nxe4 16. Bxe4 Bb4 17. Re3 Ne5 18. Bxh7+ Kxh7 19. Rxe5 Kg8 20. h3 Bd7
21. Qd3 f6 22. Re2 Re8 23. Rxe8 Rxe8 24. d5 Qd6 25. Rd1 Qf4 26. Qd4 Re4 27. Qd3
Bf5 28. Qb3 Bc5 29. Bc1 Qg3 30. Be3 Bxe3 31. fxe3 Bxh3 32. Rd2 Bg4 33. Rf2 Bxf3
34. Rxf3 Qe1+ 35. Kh2 g5 36. Qc2 f5 37. g3 Rxe3 38. Rxe3 Qxe3 39. Qxf5 Qe2+ 40.
Kh3 Qh5+ 1/2-1/2

[Event "SR 4. liga A21 2013/2014"]
[Site "?"]
[Date "2013.10.20"]
[Round "2.2"]
[White "Pericka, Pavol"]
[Black "Huska, Branislav"]
[Result "0-1"]
[WhiteElo "1793"]
[BlackElo "1575"]
[PlyCount "64"]
[EventDate "2013.??.??"]

1. e4 c5 2. Bc4 Nc6 3. Nf3 g6 4. c3 Bg7 5. d4 cxd4 6. Nxd4 Nf6 7. Nxc6 bxc6 8.
e5 Nd5 9. Bxd5 cxd5 10. Qxd5 Ba6 11. Na3 O-O 12. c4 Qb6 13. O-O Bb7 14. Qxd7
Bc6 15. Qxe7 Rfe8 16. Qh4 Rxe5 17. c5 Qxc5 18. Be3 Qd5 19. Qg4 Re4 20. Qd1 Rd4
21. Qf3 Qe6 22. Qe2 Re8 23. Rfe1 Rh4 24. f3 Qf5 25. Qf2 Rb4 26. Re2 Rxe3 27.
Rxe3 Rxb2 28. Qe1 Bd4 29. Kh1 Qg5 30. Re2 Rxe2 31. Qxe2 Bxa1 32. Qd1 Bb2 0-1

[Event "SR 4. liga A21 2013/2014"]
[Site "?"]
[Date "2013.10.20"]
[Round "2.2"]
[White "Barcaj, Jaroslav"]
[Black "Sadlon, Matus"]
[Result "1-0"]
[WhiteElo "1591"]
[BlackElo "1582"]
[PlyCount "71"]
[EventDate "2013.??.??"]

1. e4 e5 2. Nf3 Nc6 3. Bb5 a6 4. Ba4 Nf6 5. O-O b5 6. Bb3 Bc5 7. d3 h6 8. h3
O-O 9. a3 Re8 10. Nc3 Nd4 11. Nxd4 Bxd4 12. Ne2 Bb6 13. c3 d5 14. Qc2 Bb7 15.
Ng3 c5 16. Kh1 Rc8 17. f3 c4 18. dxc4 dxc4 19. Ba2 Qc7 20. Nf5 Rcd8 21. Qe2 Rd3
22. Bb1 Rdd8 23. Bc2 Bc8 24. g4 Bxf5 25. gxf5 Nh5 26. Qg2 Nf4 27. Bxf4 exf4 28.
Rad1 Be3 29. h4 Rxd1 30. Rxd1 Rd8 31. Rd5 Qe7 32. Qg4 Bc1 33. Rxd8+ Qxd8 34. f6
Qxf6 35. Qc8+ Kh7 36. e5+ 1-0

[Event "SR 4. liga A21 2013/2014"]
[Site "?"]
[Date "2013.10.20"]
[Round "2.3"]
[White "Kovarik, Oto"]
[Black "Slaby, Jozef"]
[Result "1/2-1/2"]
[WhiteElo "1925"]
[BlackElo "1874"]
[PlyCount "132"]
[EventDate "2013.??.??"]

1. e4 c6 2. d4 d5 3. Nc3 dxe4 4. Nxe4 Bf5 5. Ng3 Bg6 6. Nf3 Nd7 7. Be3 Ngf6 8.
c4 e6 9. a3 Be7 10. h3 Qc7 11. Bd3 Bxd3 12. Qxd3 h6 13. O-O g5 14. Rac1 Bd6 15.
Ne4 Nxe4 16. Qxe4 Nf6 17. Qd3 Rd8 18. Rfd1 g4 19. hxg4 Nxg4 20. Qe4 Nxe3 21.
fxe3 Qe7 22. Rf1 f5 23. Qc2 h5 24. e4 fxe4 25. Qxe4 Kd7 26. b4 Kc8 27. Rce1
Rhe8 28. Re2 Bg3 29. Ne5 Qh4 30. Qxh4 Bxh4 31. Re4 Bg3 32. Ng6 Rd7 33. Nf4 h4
34. Nh5 Red8 35. Nxg3 hxg3 36. Rd1 Kc7 37. Rd3 b6 38. Rxg3 Rxd4 39. Rg7+ R4d7
40. Rg3 Rd1+ 41. Kf2 R8d2+ 42. Re2 Kd6 43. Rge3 Rxe2+ 44. Kxe2 Rc1 45. Kd3 e5
46. Rg3 e4+ 47. Kxe4 Rxc4+ 48. Kf5 a5 49. bxa5 Rc5+ 50. Kf6 Rxa5 51. Rd3+ Kc5
52. g4 Kc4 53. Re3 Kd4 54. Rg3 c5 55. g5 c4 56. g6 Ra8 57. g7 c3 58. g8=Q Rxg8
59. Rxg8 b5 60. Rc8 Kd3 61. Ke5 Kd2 62. Kd4 c2 63. Rc3 c1=Q 64. Rxc1 Kxc1 65.
Kc3 Kb1 66. Kb3 Ka1 1/2-1/2

[Event "SR 4. liga A21 2013/2014"]
[Site "?"]
[Date "2013.10.20"]
[Round "2.3"]
[White "Vagovic, Milan"]
[Black "Cerovsky, Marian"]
[Result "1/2-1/2"]
[WhiteElo "1702"]
[BlackElo "1832"]
[PlyCount "47"]
[EventDate "2013.??.??"]

1. d4 d5 2. c4 Nf6 3. Nf3 c6 4. e3 e6 5. Bd3 Be7 6. O-O O-O 7. Re1 Qc7 8. Nbd2
Nbd7 9. e4 dxe4 10. Nxe4 Nxe4 11. Bxe4 Nf6 12. Bg5 h6 13. Bh4 Nxe4 14. Bxe7
Nxf2 15. Kxf2 Qxe7 16. a3 a5 17. Qd2 Rd8 18. Qc3 b5 19. c5 Rd5 20. Re5 Qf6 21.
Rae1 Bd7 22. Kg1 Bc8 23. h3 a4 24. Rf1 1/2-1/2

[Event "SR 4. liga A21 2013/2014"]
[Site "?"]
[Date "2013.10.20"]
[Round "2.3"]
[White "Damborsky, Pavol"]
[Black "Pripko, Bystrik"]
[Result "1-0"]
[WhiteElo "1836"]
[BlackElo "1721"]
[PlyCount "115"]
[EventDate "2013.??.??"]

1. e4 e5 2. Nf3 Nc6 3. Bc4 Nf6 4. d3 h6 5. a3 Bc5 6. h3 d6 7. Nc3 a6 8. O-O O-O
9. Ne2 Be6 10. Ba2 Bxa2 11. Rxa2 Nh7 12. b4 Ba7 13. Ng3 Qe8 14. c4 b5 15. Rc2
bxc4 16. Rxc4 Bb6 17. Nf5 Ne7 18. N3h4 Nxf5 19. Nxf5 Nf6 20. Qf3 Kh7 21. Nxh6
Qe6 22. Nf5 Rh8 23. Bg5 Kg8 24. Bxf6 Qxf6 25. Qg3 g6 26. Ne3 Bxe3 27. fxe3 Qe7
28. Rc6 Kg7 29. Qf3 Rhf8 30. d4 f5 31. Qe2 exd4 32. exd4 fxe4 33. Rxf8 Kxf8 34.
Qe3 Ke8 35. d5 Kd7 36. Rc3 Qe5 37. Qc1 Rc8 38. Qd2 c6 39. dxc6+ Rxc6 40. Rxc6
Kxc6 41. Qc1+ Kb5 42. Kf1 g5 43. Ke2 Qg3 44. Kf1 e3 45. Qc2 Qf4+ 46. Ke1 Qg3+
47. Kd1 Qe5 48. Qd3+ Kb6 49. Ke2 Qb5 50. Kxe3 Qxd3+ 51. Kxd3 Kb5 52. g3 Ka4 53.
h4 gxh4 54. gxh4 Kxa3 55. h5 Kxb4 56. h6 a5 57. h7 a4 58. h8=Q 1-0

[Event "SR 4. liga A21 2013/2014"]
[Site "?"]
[Date "2013.10.20"]
[Round "2.3"]
[White "Piestansky, Jan"]
[Black "Dubecky, Ladislav"]
[Result "1-0"]
[WhiteElo "1658"]
[BlackElo "1675"]
[PlyCount "114"]
[EventDate "2013.??.??"]

1. e4 e5 2. Nf3 d6 3. h3 Nf6 4. c3 Bd7 5. Bd3 Be7 6. Bc2 O-O 7. d3 h6 8. O-O
Be6 9. Nh2 Qd7 10. f4 exf4 11. Bxf4 Nc6 12. Qf3 Ne5 13. Bxe5 dxe5 14. Nd2 b5
15. Nb3 a5 16. a3 a4 17. Nc1 Rab8 18. Ne2 Bc5+ 19. Kh1 c6 20. Rab1 Qa7 21. Ng3
Nh7 22. Nf5 Bxf5 23. Qxf5 Qe7 24. Ng4 f6 25. Qg6 Kh8 26. Rf5 Qf7 27. Qxf7 Rxf7
28. Nxe5 Rc7 29. Ng6+ Kg8 30. Rxc5 Kf7 31. Nh4 g6 32. Nf3 Nf8 33. Nd4 Rbc8 34.
e5 f5 35. e6+ Nxe6 36. Nxe6 Kxe6 37. Re1+ Kf7 38. Rce5 Rd8 39. d4 Rd6 40. Bd1
Kf6 41. Bf3 g5 42. d5 cxd5 43. Rxd5 Rxd5 44. Bxd5 Rc5 45. Bf3 f4 46. Kg1 Rc8
47. Rd1 Re8 48. Kf2 Rb8 49. Rd6+ Kg7 50. Be2 b4 51. cxb4 Rc8 52. Rd2 Kf6 53.
Bd1 Ra8 54. Rd6+ Ke5 55. Rxh6 Rd8 56. Ke2 Kd4 57. Bxa4 Re8+ 1-0

[Event "SR 4. liga A21 2013/2014"]
[Site "?"]
[Date "2013.10.20"]
[Round "2.3"]
[White "Sprusansky, Ferdinand"]
[Black "Slaba, Andrea"]
[Result "1/2-1/2"]
[WhiteElo "1439"]
[BlackElo "1294"]
[PlyCount "100"]
[EventDate "2013.??.??"]

1. e4 e6 2. Nf3 d5 3. Nc3 dxe4 4. Nxe4 Nf6 5. Nc3 Be7 6. d4 O-O 7. Bc4 b6 8. a3
Bb7 9. O-O Re8 10. Re1 Nbd7 11. d5 exd5 12. Nxd5 Nxd5 13. Bxd5 Bxd5 14. Qxd5
Nf6 15. Qf5 Qd5 16. Qf4 Bd6 17. c4 Bxf4 18. cxd5 Bxc1 19. Raxc1 Rxe1+ 20. Rxe1
Nxd5 21. Nd4 c5 22. Nc6 a6 23. g3 g6 24. Rd1 Nf6 25. Rd6 Re8 26. Rxf6 Re2 27.
b4 cxb4 28. Nxb4 a5 29. Na6 Ra2 30. Rxb6 Rxa3 31. Nc5 Rc3 32. Rb5 Ra3 33. Nb7
a4 34. Nc5 Ra1+ 35. Kg2 a3 36. Rb8+ Kg7 37. Ra8 a2 38. Nb3 Rb1 39. h4 Rxb3 40.
Rxa2 Rb6 41. Re2 h5 42. f3 f6 43. g4 hxg4 44. fxg4 Rb4 45. Kf3 f5 46. gxf5 Rxh4
47. Rg2 Rh6 48. Kf4 Kf6 49. fxg6 Rxg6 50. Rxg6+ Kxg6 1/2-1/2

[Event "SR 4. liga A21 2013/2014"]
[Site "?"]
[Date "2013.10.20"]
[Round "2.4"]
[White "Vepy, Ivan"]
[Black "Vogl, Zdenek"]
[Result "0-1"]
[WhiteElo "1926"]
[BlackElo "1899"]
[PlyCount "84"]
[EventDate "2013.??.??"]

1. e4 e5 2. Bc4 d6 3. Nc3 Nf6 4. d3 Be7 5. Nge2 Nc6 6. a3 O-O 7. O-O Be6 8. Nd5
Bxd5 9. exd5 Nb8 10. Ng3 Nbd7 11. Ba2 Re8 12. f4 exf4 13. Bxf4 Bf8 14. Qd2 Ng4
15. h3 Nge5 16. Rae1 Qh4 17. Ne4 Qh5 18. Qf2 f6 19. d4 Nf7 20. c4 Qg6 21. Bb1
f5 22. Ng3 Nh6 23. Bxh6 Qxh6 24. Bxf5 Nf6 25. Be6+ Kh8 26. Re3 Qg5 27. Rf3 Be7
28. Nf5 Ne4 29. Qe1 Nd2 30. Rg3 Nxf1 31. Rxg5 Bxg5 32. Qxf1 Rf8 33. Qd3 g6 34.
Ng3 Rf4 35. Ne4 Bh6 36. c5 Raf8 37. cxd6 cxd6 38. Nxd6 Rf1+ 39. Qxf1 Be3+ 40.
Kh2 Rxf1 41. Nf7+ Kg7 42. Nd6 Bf4+ 0-1

[Event "SR 4. liga A21 2013/2014"]
[Site "?"]
[Date "2013.10.20"]
[Round "2.4"]
[White "Vach, Jozef"]
[Black "Brisudova, Veronika"]
[Result "1/2-1/2"]
[WhiteElo "1799"]
[BlackElo "1896"]
[PlyCount "54"]
[EventDate "2013.??.??"]

1. d4 f5 2. g3 Nf6 3. Bg2 g6 4. b3 Bg7 5. Bb2 O-O 6. Nd2 d6 7. Ngf3 Qe8 8. O-O
Na6 9. Re1 c5 10. e3 Rb8 11. c4 Bd7 12. d5 b5 13. Bf1 Nc7 14. Rb1 a5 15. e4
Nxe4 16. Bxg7 Kxg7 17. Nxe4 fxe4 18. Ng5 h6 19. Nxe4 Qf7 20. Qe2 Bf5 21. Bg2 a4
22. Rbc1 axb3 23. axb3 bxc4 24. bxc4 Bxe4 25. Bxe4 Qf6 26. Rc2 Rf7 27. Qd3 Rb2
1/2-1/2

[Event "SR 4. liga A21 2013/2014"]
[Site "?"]
[Date "2013.10.20"]
[Round "2.4"]
[White "Jarabek, Milan"]
[Black "Bartos, Bohumil"]
[Result "1-0"]
[WhiteElo "1744"]
[BlackElo "1507"]
[PlyCount "119"]
[EventDate "2013.??.??"]

1. e4 c5 2. Nf3 Nc6 3. d4 cxd4 4. Nxd4 Nf6 5. Nc3 e5 6. Ndb5 d6 7. Bg5 a6 8.
Na3 b5 9. Nd5 Be7 10. Bxf6 Bxf6 11. c3 O-O 12. Be2 Be6 13. O-O Bxd5 14. Qxd5
Qc7 15. Rfd1 Rfd8 16. Bf3 Ne7 17. Qd2 h6 18. Nc2 Bg5 19. Ne3 Bxe3 20. Qxe3 Rab8
21. Rd3 Qc5 22. Rad1 Qxe3 23. Rxe3 Rb6 24. Red3 Rc6 25. a4 bxa4 26. Ra1 Rc4 27.
Kf1 f5 28. exf5 e4 29. Re3 Nxf5 30. Rxe4 Rxe4 31. Bxe4 Ne7 32. Rxa4 d5 33. Bd3
Ra8 34. Rxa6 Rxa6 35. Bxa6 Kf7 36. Ke2 Ke6 37. c4 Kd6 38. cxd5 Kxd5 39. b3 Kc5
40. f4 Kb4 41. Bc4 Nc6 42. Ke3 Kc5 43. Ke4 Kd6 44. g4 Ke7 45. Kd5 Nb4+ 46. Kc5
Nc2 47. b4 Ne3 48. h3 Ng2 49. f5 Nf4 50. Kc6 Nxh3 51. Kc7 Nf2 52. b5 Ne4 53. b6
Nc5 54. b7 Nxb7 55. Kxb7 Kf6 56. Kc6 Kg5 57. Kd6 h5 58. gxh5 Kxf5 59. Bf7 Kf6
60. Bg6 1-0

[Event "SR 4. liga A21 2013/2014"]
[Site "?"]
[Date "2013.10.20"]
[Round "2.4"]
[White "Baumgartner, Milan"]
[Black "Harasta, Marian"]
[Result "1/2-1/2"]
[WhiteElo "1508"]
[BlackElo "1619"]
[PlyCount "51"]
[EventDate "2013.??.??"]

1. a3 h6 2. e4 e5 3. Bc4 Bc5 4. d3 Nf6 5. h3 O-O 6. Nf3 Nc6 7. Be3 Bb6 8. O-O
d6 9. Nc3 Be6 10. Bxe6 fxe6 11. Qd2 Nd4 12. Bxd4 Bxd4 13. Nxd4 exd4 14. Ne2 e5
15. f4 c5 16. Rf3 Qe7 17. Rg3 Nh5 18. Rg4 Nxf4 19. Nxf4 Rxf4 20. Rxf4 exf4 21.
Qxf4 Rf8 22. Qg3 Qe5 23. Qxe5 dxe5 24. Rf1 b5 25. Rxf8+ Kxf8 26. Kf2 1/2-1/2

[Event "SR 4. liga A21 2013/2014"]
[Site "?"]
[Date "2013.10.20"]
[Round "2.4"]
[White "Drabek, Martin"]
[Black "Davidik, Miroslav"]
[Result "1-0"]
[WhiteElo "1456"]
[BlackElo "1440"]
[PlyCount "79"]
[EventDate "2013.??.??"]

1. e4 c6 2. Nf3 d5 3. exd5 cxd5 4. d4 h6 5. Nc3 Nf6 6. Bf4 a6 7. h3 Bf5 8. Be2
Nc6 9. O-O e6 10. a3 Be7 11. Re1 O-O 12. Qd2 Ne4 13. Nxe4 dxe4 14. Ne5 Bg5 15.
Nxc6 bxc6 16. Bxg5 hxg5 17. c3 Qe7 18. Bc4 a5 19. Re3 a4 20. Rg3 f6 21. Re3 Kh8
22. Rae1 Bg6 23. f3 f5 24. fxe4 f4 25. Rf3 e5 26. dxe5 Qc5+ 27. Qd4 Qe7 28. Qd6
Qe8 29. Kh2 Rd8 30. Qe6 Bf7 31. Qxe8 Rdxe8 32. Bxf7 Rxf7 33. Rd3 Rxe5 34. Rd8+
Kh7 35. Ra8 Rd7 36. Re2 Rd3 37. Rxa4 f3 38. gxf3 Rxf3 39. Kg2 Rd3 40. Rd4 1-0

[Event "SR 4. liga A21 2013/2014"]
[Site "?"]
[Date "2013.10.20"]
[Round "2.5"]
[White "Pipiska, Adam"]
[Black "Celustkova, Lubica"]
[Result "1-0"]
[WhiteElo "1737"]
[BlackElo "1618"]
[PlyCount "33"]
[EventDate "2013.??.??"]

1. e4 e5 2. Nf3 Nc6 3. d4 exd4 4. Bc4 Bc5 5. c3 d6 6. cxd4 Bb4+ 7. Bd2 Bxd2+ 8.
Nbxd2 Nge7 9. Ng5 O-O 10. Qh5 h6 11. Nxf7 Rxf7 12. Qxf7+ Kh8 13. Nf3 Na5 14.
Bd3 Ng8 15. e5 Ne7 16. Nh4 dxe5 17. Qxe7 1-0

[Event "SR 4. liga A21 2013/2014"]
[Site "?"]
[Date "2013.10.20"]
[Round "2.5"]
[White "Klimes, Karel"]
[Black "Ocko, Martin"]
[Result "1/2-1/2"]
[WhiteElo "1651"]
[BlackElo "1736"]
[PlyCount "49"]
[EventDate "2013.??.??"]

1. e4 c5 2. Nf3 a6 3. a3 Nc6 4. d4 cxd4 5. Nxd4 g6 6. Bc4 e6 7. Nf3 Bg7 8. O-O
Nge7 9. c3 b5 10. Bb3 O-O 11. Bf4 Bb7 12. Nbd2 Na5 13. Bc2 Rc8 14. Nb3 Nc4 15.
Rb1 d5 16. Nbd2 Nxd2 17. Nxd2 e5 18. Bg5 f6 19. Bh4 dxe4 20. Bxe4 Bxe4 21. Nxe4
Qxd1 22. Rbxd1 Rc4 23. f3 Nf5 24. Bf2 Bh6 25. Rfe1 1/2-1/2

[Event "SR 4. liga A21 2013/2014"]
[Site "?"]
[Date "2013.10.20"]
[Round "2.5"]
[White "Buran, Andrej ml"]
[Black "Kanka, Tomas"]
[Result "0-1"]
[WhiteElo "1392"]
[BlackElo "1688"]
[PlyCount "60"]
[EventDate "2013.??.??"]

1. e4 e5 2. Nf3 Nf6 3. Nxe5 Nxe4 4. Qe2 Qe7 5. Qxe4 d6 6. d4 Nd7 7. Bd3 dxe5 8.
O-O g6 9. f4 f5 10. Qe3 e4 11. Bc4 c6 12. a4 Nb6 13. Bb3 Be6 14. Bxe6 Qxe6 15.
Nc3 Rd8 16. Rd1 Bg7 17. b3 c5 18. Nb5 O-O 19. Bb2 a6 20. Na3 Nd5 21. Qg3 cxd4
22. Bxd4 Nxf4 23. Qxf4 Bxd4+ 24. Kh1 Bxa1 25. Rxa1 Qd6 26. Qxd6 Rxd6 27. Nc4
Rc6 28. Na5 Rxc2 29. Nxb7 f4 30. Re1 g5 0-1

[Event "SR 4. liga A21 2013/2014"]
[Site "?"]
[Date "2013.10.20"]
[Round "2.5"]
[White "Wallner, Juraj"]
[Black "Trojkova, Michaela"]
[Result "1-0"]
[WhiteElo "1512"]
[BlackElo "1455"]
[PlyCount "99"]
[EventDate "2013.??.??"]

1. e4 e5 2. Nf3 Nc6 3. Bc4 Bc5 4. Nc3 Nf6 5. d3 h6 6. Be3 Bb6 7. d4 exd4 8.
Nxd4 Nxd4 9. Bxd4 d6 10. O-O Be6 11. Be2 O-O 12. Kh1 d5 13. Bxf6 Qxf6 14. exd5
Rad8 15. Bf3 Ba5 16. Qd3 Bxc3 17. bxc3 Bxd5 18. Bxd5 c6 19. c4 cxd5 20. cxd5
Rd6 21. c4 Rfd8 22. a4 a6 23. Qb3 Rb6 24. Qd3 Rbd6 25. Rab1 Rb8 26. c5 Rdd8 27.
h3 Qe5 28. Rfd1 Rd7 29. Qc4 Rbd8 30. d6 Qf5 31. f3 Qe5 32. Re1 Qf5 33. Rb3 Qf6
34. Qe4 Qg5 35. Qd4 Qg3 36. Reb1 Re8 37. Qd2 Kf8 38. Kg1 Kg8 39. Qf2 Qe5 40.
Rxb7 Rxb7 41. Rxb7 Qa1+ 42. Kh2 Qxa4 43. d7 Rd8 44. Qd2 a5 45. Qd6 Qh4 46. Rb8
a4 47. Qc7 Rf8 48. Rxf8+ Kxf8 49. d8=Q+ Qxd8 50. Qxd8# 1-0

[Event "SR 4. liga A21 2013/2014"]
[Site "?"]
[Date "2013.10.20"]
[Round "2.5"]
[White "Ulehla, Jakub"]
[Black "Tomasovic, Roman"]
[Result "0-1"]
[WhiteElo "1111"]
[BlackElo "1337"]
[PlyCount "52"]
[EventDate "2013.??.??"]

1. e4 e5 2. Nf3 Nc6 3. Bc4 Bc5 4. O-O Nf6 5. Re1 d6 6. d3 Bg4 7. c3 O-O 8. Bg5
h6 9. Bh4 a6 10. Nbd2 Ne7 11. Bxf6 gxf6 12. Nf1 Ng6 13. h3 Be6 14. Bb3 Kh7 15.
Qd2 Rg8 16. Ng3 Nf4 17. Kh1 Qd7 18. Ng1 Rg7 19. d4 Bb6 20. d5 Bxh3 21. Ba4
Bxg2+ 22. Kh2 Qg4 23. Nf5 Qh5+ 24. Nh4 Qxh4+ 25. Nh3 Qxh3+ 26. Kg1 Bf3# 0-1

[Event "SR 4. liga A21 2013/2014"]
[Site "?"]
[Date "2013.10.20"]
[Round "2.6"]
[White "Hirmajer, Jan"]
[Black "Gono, Michal"]
[Result "1-0"]
[WhiteElo "1957"]
[BlackElo "1941"]
[PlyCount "119"]
[EventDate "2013.??.??"]

1. c4 g6 2. Nc3 Bg7 3. g3 f5 4. Bg2 Nf6 5. e4 fxe4 6. Nxe4 O-O 7. d4 e6 8. Bg5
Qe8 9. Bxf6 Bxf6 10. Nxf6+ Rxf6 11. Ne2 c6 12. O-O d5 13. Qb3 g5 14. Qe3 Qh5
15. f4 g4 16. Qe5 Qg6 17. f5 Rxf5 18. Qc7 Qe8 19. Rxf5 exf5 20. Nf4 Na6 21. Qd6
dxc4 22. Nh5 Qe3+ 23. Kh1 Be6 24. Qe7 Qh6 25. Nf6+ Kh8 26. Re1 Bg8 27. Qxb7 Rb8
28. Nxg8 Qd2 29. Qe7 Kxg8 30. Bxc6 Qxd4 31. Qe6+ Kh8 32. Qxf5 Nb4 33. Be4 Qg7
34. Rd1 Nd3 35. Bxd3 cxd3 36. b3 Rd8 37. Rd2 Qb7+ 38. Kg1 Qb6+ 39. Qf2 Qh6 40.
Qf4 Qg7 41. Qe4 Qc3 42. Qe3 Qa1+ 43. Kg2 Qc3 44. h3 Qc6+ 45. Kh2 Qg6 46. hxg4
Qxg4 47. Rxd3 Rxd3 48. Qxd3 Qh5+ 49. Kg2 Qa5 50. a4 Qb6 51. Qc3+ Kg8 52. b4
Qb7+ 53. Kh2 Qf7 54. Qc8+ Kg7 55. Qg4+ Kf8 56. Qf4 Qxf4 57. gxf4 Ke7 58. b5 Kd6
59. a5 Kc5 60. f5 1-0

[Event "SR 4. liga A21 2013/2014"]
[Site "?"]
[Date "2013.10.20"]
[Round "2.6"]
[White "Curidlo, Jan"]
[Black "Bjel, Lubos"]
[Result "1/2-1/2"]
[WhiteElo "1852"]
[BlackElo "1754"]
[PlyCount "50"]
[EventDate "2013.??.??"]

1. e4 e6 2. d4 d5 3. Nd2 c5 4. exd5 exd5 5. Ngf3 Nf6 6. Be2 cxd4 7. Nxd4 Bc5 8.
c3 O-O 9. O-O Nc6 10. N2f3 Re8 11. Bg5 Bg4 12. h3 Bxd4 13. cxd4 Bxf3 14. Bxf3
h6 15. Be3 Qb6 16. b3 Rac8 17. a3 Na5 18. Rb1 Ne4 19. Bxe4 Rxe4 20. Qd3 Qd6 21.
a4 Qb4 22. Bd2 Qb6 23. Bxa5 Qxa5 24. Rfc1 Rxc1+ 25. Rxc1 Qb4 1/2-1/2

[Event "SR 4. liga A21 2013/2014"]
[Site "?"]
[Date "2013.10.20"]
[Round "2.6"]
[White "Lajda, Dusan"]
[Black "Gubis, Vladimir"]
[Result "1-0"]
[WhiteElo "1863"]
[BlackElo "1796"]
[PlyCount "101"]
[EventDate "2013.??.??"]

1. e4 e6 2. d4 d5 3. Nc3 Bb4 4. e5 Bxc3+ 5. bxc3 c5 6. Nf3 Bd7 7. Be2 Nc6 8.
O-O c4 9. h3 h6 10. Nh2 g6 11. Be3 Qh4 12. Qd2 O-O-O 13. Rfb1 Rf8 14. Rb2 f5
15. exf6 Qxf6 16. Rab1 Na5 17. Ng4 Qh4 18. Ne5 Be8 19. Bg4 Qe7 20. Re1 Rf6 21.
Bf4 g5 22. Bh2 h5 23. Bf3 g4 24. hxg4 Rxf3 25. Nxf3 hxg4 26. Ng5 Rh5 27. Rxe6
Qxg5 28. Qxg5 Rxg5 29. Rxe8+ Kd7 30. Rf8 b6 31. Rf7+ Ne7 32. Rb1 Nac6 33. Re1
Rg6 34. Bg3 Rh6 35. Rg7 Rg6 36. Rh7 Re6 37. Rxe6 Kxe6 38. Rh6+ Kf7 39. Rh4 b5
40. Rxg4 a5 41. a3 b4 42. cxb4 axb4 43. axb4 Nxb4 44. c3 Na2 45. Rf4+ Ke6 46.
Rf3 Nf5 47. Be5 Nc1 48. g4 Nh4 49. Re3 Kf7 50. f4 Nd3 51. f5 1-0

[Event "SR 4. liga A21 2013/2014"]
[Site "?"]
[Date "2013.10.20"]
[Round "2.6"]
[White "Bardik, Jozef"]
[Black "Bjel, Tomas"]
[Result "1-0"]
[WhiteElo "1878"]
[BlackElo "1674"]
[PlyCount "65"]
[EventDate "2013.??.??"]

1. d4 d5 2. c4 e6 3. Nc3 Bb4 4. Nf3 Ne7 5. a3 Bxc3+ 6. bxc3 O-O 7. cxd5 Qxd5 8.
Qc2 b6 9. e4 Qc6 10. Bd3 Bb7 11. O-O Nd7 12. Rb1 a6 13. c4 Ng6 14. a4 e5 15. d5
Qd6 16. Qc3 Rfe8 17. a5 Rab8 18. h4 Qf6 19. Bg5 Qd6 20. h5 Ne7 21. Nh4 Nc5 22.
Bc2 f6 23. Be3 Bc8 24. f4 Bg4 25. h6 g6 26. fxe5 fxe5 27. Nf3 Nd7 28. Ng5 bxa5
29. Rxb8 Rxb8 30. c5 Nxd5 31. Bb3 Rxb3 32. Qxb3 Nxc5 33. Qb8+ 1-0

[Event "SR 4. liga A21 2013/2014"]
[Site "?"]
[Date "2013.10.20"]
[Round "2.6"]
[White "Tomasovic, Martin"]
[Black "Sedlak, Rastislav"]
[Result "1/2-1/2"]
[WhiteElo "1715"]
[BlackElo "1761"]
[PlyCount "87"]
[EventDate "2013.??.??"]

1. e4 e5 2. Nf3 Nc6 3. Bc4 Nf6 4. d3 h6 5. Nc3 Bb4 6. O-O Bxc3 7. bxc3 O-O 8.
Re1 d6 9. h3 Re8 10. Bb2 Bd7 11. Nd2 a6 12. Qf3 Na5 13. Bb3 Nxb3 14. cxb3 c5
15. Nc4 Be6 16. Ne3 b5 17. Rad1 Qa5 18. Rd2 Rad8 19. Ra1 Qc7 20. c4 b4 21. Re2
a5 22. Bc1 Qd7 23. Nf5 Bxf5 24. Qxf5 Qxf5 25. exf5 Ra8 26. g3 a4 27. Rb1 axb3
28. axb3 Ra6 29. Bb2 Ra2 30. Ree1 Kf8 31. Kg2 Nd7 32. Kf1 f6 33. g4 Nb6 34. f3
d5 35. Ke2 dxc4 36. dxc4 Rd8 37. Ke3 Nc8 38. Re2 Ne7 39. Ra1 Rxa1 40. Bxa1 Nc6
41. Ke4 Nd4 42. Rd2 Ke7 43. Bxd4 Rxd4+ 44. Ke3 1/2-1/2

[Event "SR 4. liga A21 2013/2014"]
[Site "?"]
[Date "2013.11.03"]
[Round "3.1"]
[White "Gono, Michal"]
[Black "Podjavorinsky, Michal"]
[Result "1-0"]
[WhiteElo "1941"]
[BlackElo "1719"]
[PlyCount "67"]
[EventDate "2013.??.??"]

1. f4 Nf6 2. Nf3 g6 3. g3 Bg7 4. Bg2 O-O 5. O-O d6 6. d3 c6 7. e4 Bg4 8. Qe1
Qc8 9. c3 Bh3 10. Ng5 Bxg2 11. Kxg2 Nbd7 12. e5 dxe5 13. fxe5 Nd5 14. e6 Ne5
15. exf7+ Nxf7 16. Ne6 Re8 17. c4 Nc7 18. Nxg7 Kxg7 19. b3 Kg8 20. Bb2 e5 21.
Nd2 Qe6 22. Ne4 Rf8 23. Ba3 Rfd8 24. Rf6 Qd7 25. Rf3 Ne8 26. Qf2 Nfd6 27. Bxd6
Qe6 28. Ba3 Ng7 29. Rf6 Qg4 30. Qf3 Qc8 31. Be7 Nf5 32. Bxd8 Qxd8 33. Rxf5 gxf5
34. Qxf5 1-0

[Event "SR 4. liga A21 2013/2014"]
[Site "?"]
[Date "2013.11.03"]
[Round "3.1"]
[White "Miciak, Emanuel"]
[Black "Curidlo, Jan"]
[Result "0-1"]
[WhiteElo "1896"]
[BlackElo "1852"]
[PlyCount "66"]
[EventDate "2013.??.??"]

1. d4 Nf6 2. c4 e6 3. Nf3 b6 4. g3 Bb7 5. Bg2 Be7 6. O-O O-O 7. Nc3 d6 8. Qc2
Nbd7 9. Rd1 c6 10. b3 Rc8 11. Bb2 d5 12. Rac1 h6 13. Qb1 a5 14. Nd2 Re8 15. e4
dxe4 16. Ndxe4 Rc7 17. Nxf6+ Nxf6 18. Ne4 Rd7 19. Qa1 Nxe4 20. Bxe4 f5 21. Bf3
Bf6 22. Bh5 Rf8 23. Ba3 c5 24. Bb2 Bxd4 25. Bxd4 Rxd4 26. Rxd4 Qxd4 27. Qxd4
cxd4 28. f4 Rd8 29. Kf2 Be4 30. Rd1 Kf8 31. g4 g5 32. Kg3 Kg7 33. h4 Kf6 0-1

[Event "SR 4. liga A21 2013/2014"]
[Site "?"]
[Date "2013.11.03"]
[Round "3.1"]
[White "Nedorost, Lubomir"]
[Black "Lanyi, Frantisek"]
[Result "1-0"]
[WhiteElo "1701"]
[BlackElo "1695"]
[PlyCount "43"]
[EventDate "2013.??.??"]

1. e4 e5 2. Nc3 Nf6 3. Bc4 Bc5 4. f4 Nc6 5. Nf3 d6 6. f5 Na5 7. Be2 Bd7 8. d3
Ng4 9. d4 exd4 10. Nxd4 Ne5 11. O-O Nac6 12. Be3 Qh4 13. Rf4 Qd8 14. f6 g6 15.
Qd2 Qc8 16. Rd1 Ng4 17. Bxg4 Bxg4 18. Re1 O-O 19. Nxc6 Bxe3+ 20. Qxe3 bxc6 21.
Rxg4 Qxg4 22. Qh6 1-0